Fragen aus der Wissenschaft - Buchstabe I - Statistiken

Allgemein
  • Dieses Quiz wurde 123 mal gespielt
  • Das Durchschnittsergebnis liegt bei 11 aus 20
Antwortstatistiken
Hinweis Antwort % Korrekt
Neuer gedanklicher Entwurf für eine Lösung, Einfall Idee
98%
Lebenswichtiges Hormon für Regulierung des Blutzuckerspiegels Insulin
98%
Zeit zwischen Ansteckung und Ausbruch einer Krankheit Inkubation
84%
Prozess des Eingliederns von Menschen unterschiedlicher Herkunft Integration
83%
Ökonomie: Geldentwertung - Kosmologie: Ausdehnung Weltall Inflation
80%
Eindringen von Krankheitserregern in einen Organismus Infektion
79%
Wissenschaft der automatischen Informationsverarbeitung Informatik
64%
Nicht-sichtbares Licht mit einer Wellenlänge zw. 780 nm und 1 mm Infrarot
62%
Fähigkeit, Probleme (oder ein Quiz) zu lösen Intelligenz
61%
Klasse der Gliederfüßer, alter Name: Kerbtier Insekt
59%
Variante eines Atoms mit gleicher Protonenzahl Isotop
53%
Berechnung einer Fläche unter einem Graphen - Zeichen: ∫ Integralrechnung
50%
Abstand zwischen zwei Werten (Mathematik, Musik) Intervall
48%
Strom- und Wärmeerzeugung durch Änderung des Magnetfeldes Induktion
42%
Edelmetall mit Ordnungszahl 77, extrem hohe Dichte Iridium
42%
Stoff, der Strom oder Wärme schlecht leitet Isolator
41%
Teil der Erdatmosphäre, viele geladene Teilchen Ionosphäre
26%
Überlagerung von Schall- oder Lichtwellen; Doppelspaltexperiment Interferenz
22%
Produkt aus Masse und Geschwindigkeit - Erhaltungssatz Impuls
18%
Stoff mit gleicher chemischen Formel, aber anderen Struktur Isomer
18%
Keine übereinstimmenden Quizze gefunden
Verteilung der Resultate
Anzahl Personen mit jedem Resultat
Perzentil nach korrekt beantworteten Fragen
Ihre Resultats-Entwicklung
Sie haben dieses Quiz noch nicht gespielt